Statistics for Towns of Lower Navarre (Nafarroa Beherea)

Click here to take the quiz!

General Stats

  • This quiz has been taken 5 times
  • The average score is 26 of 75

Answer Stats

PopulationFirst
Letter
AnswerCounty% Correct
1.520BBaigorriBaigorri-
Ortzaize
100%
657BBidarraiBaigorri-
Ortzaize
100%
2.052DDonapaleuAmikuze
100%
1.499DDonibane GaraziGarazi
100%
1.130AAiherraArberoa
50%
230AAmorotze-
Zokotze
Amikuze
50%
546AArrosaBaigorri-
Ortzaize
50%
978BBastidaArberoa
50%
1.347BBidaxuneAgaramont
50%
198DDonaixti-IbarreOztibarre
50%
857DDonazaharreGarazi
50%
749HHeletaArberoa
50%
913IIrisarriArberoa
50%
369IIrulegiBaigorri-
Ortzaize
50%
536IIzturitzeArberoa
50%
206JJatsuGarazi
50%
445LLarzabale-
Arroze-
Zibitze
Oztibarre
50%
339LLasaBaigorri-
Ortzaize
50%
857OOrtzaizeBaigorri-
Ortzaize
50%
705SSamatzeAgaramont
50%
274UUrepeleBaigorri-
Ortzaize
50%
263AAhatsa-
Altzieta-
Bazkazane
Garazi
25%
169AAinhize-
Monjolose
Garazi
25%
114AAintzilaGarazi
25%
687AAiziritze-
Gamue-
Zohazti
Amikuze
25%
1.013AAkamarreAgaramont
25%
321AAldudeBaigorri-
Ortzaize
25%
377AAnhauzeBaigorri-
Ortzaize
25%
322AArberatze-
Zilhekoa
Amikuze
25%
312AArboti-
Zohota
Amikuze
25%
70AArhantsusiOztibarre
25%
386AArmendaritzeArberoa
25%
459AArmenduze-
Unaso
Amikuze
25%
237AArnegiGarazi
25%
425AArrueta-
Sarrikota
Amikuze
25%
339AAzkarateBaigorri-
Ortzaize
25%
351BBankaBaigorri-
Ortzaize
25%
509BBehaskane-
Laphizketa
Amikuze
25%
266BBehauzeAmikuze
25%
71BBehorlegiGarazi
25%
538BBithiriñaAmikuze
25%
132BBunuzueOztibarre
25%
117BBurgue-ErreitiAgaramont
25%
106BBustintze-
Hiriberri
Garazi
25%
343DDonamartiriArberoa
25%
432DDonoztiriArberoa
25%
209DDuzunaritze-
Sarasketa
Garazi
25%
290EEiheralarreGarazi
25%
178EErangoAgaramont
25%
313EEzterenzubiGarazi
25%
278GGabadiAmikuze
25%
128GGamarteGarazi
25%
305GGarruzeAmikuze
25%
99HHoztaOztibarre
25%
73IIbarrolaOztibarre
25%
539IIholdiArberoa
25%
147IIlharreAmikuze
25%
675IIzpuraGarazi
25%
214IIzura-AzmeOztibarre
25%
202JJutsiOztibarre
25%
149LLabetze-
Bizkai
Amikuze
25%
178LLakarraGarazi
25%
278LLandibarreOztibarre
25%
183LLarribarre-
Sorhapuru
Amikuze
25%
173LLekunberriGarazi
25%
414LLukuze-
Altzumarta
Amikuze
25%
261MMartxuetaAmikuze
25%
282NMehaineArberoa
25%
153MMendibeGarazi
25%
503OOragarreAmikuze
25%
107OOstankoaAmikuze
25%
164SSuhuskuneGarazi
25%
801UUharte GaraziGarazi
25%
215UUhartehiriAmikuze
25%
181ZZaroGarazi
25%

Score Distribution

Percentile by Number Answered

Percent of People with Each Score

Your Score History

You have not taken this quiz